00860nam a22002657a 45000010005000000030006000050050017000110080041000280200018000690400029000870500016001160820008001321000022001402450076001622500041002382600033002793000056003125040007003685200096003755210018004715210018004896500023005076500032005307000032005628105FISKH20250825091344.0250825b cb ||||| |||| 00| 0 eng d a9780545055802 aFISKHbengcFISKHdFISKH aPZ7.Y3655 D a558 aYee, Herbert Wong aDid you see Chip? /cBy Wong Herbert Yee ; Illustrated by Laura Ovresat aThis edition first published in 2007 aOrlando :bScholastic,c2003 a18 unnumbered pages :bcolor illustrations ;c22 cm aE  aAfter moving to the city, Kim makes some new friends while looking for her lost dog, Chip. 8 a160 bLexile 8 aE bRaz-Plus  2Lost dogaLost pet 2Moving to a new homeaPuppy aOvresat, Lauradillustrator